| 000 | 00565nam a2200181Ia 4500 | ||
|---|---|---|---|
| 001 | 7691 | ||
| 005 | 20260306160514.0 | ||
| 008 | 260306t2014||||xx |||||||||||||| ||spa|| | ||
| 041 | _aESP | ||
| 082 |
_a354.328 _bO65I |
||
| 100 |
_aOrganismo de Evaluación y Fiscalización Ambiental _eAUT |
||
| 245 | 0 |
_aFiscalización ambiental a la pequeña minería y minería artesanal: _binforme 2013. Índice de cumplimiento de los gobiernos regionales |
|
| 260 | _c2014 | ||
| 300 |
_a137 páginas : _c29 cm. |
||
| 650 | _aGEN | ||
| 654 | _aCIA | ||
| 942 |
_cLIB _dJUS _fJUS _2ddc _n |
||
| 999 |
_c7691 _d7691 |
||